Plytvanie je dedičstvom minulosti
Pri prechode na trhové hospodárstvo vykazuje Slovensko pokles v spotrebe energií. Energetická náročnosť vo vybraných vyspelých krajinách. Priority slovenskej vlády v oblasti energetickej politiky. Akčný plán energetickej efektívnosti.
Gespeichert in:
| 1. Verfasser: | |
|---|---|
| Format: | Buchkapitel |
| Sprache: | Slowakisch |
| Schlagworte: | |
| Tags: |
Keine Tags, Fügen Sie das erste Tag hinzu!
|
MARC
| LEADER | 00000naa a2200000 4500 | ||
|---|---|---|---|
| 001 | r047059 | ||
| 005 | 20230920080900.4 | ||
| 041 | 0 | |a slo | |
| 044 | |a SK | ||
| 245 | 1 | 0 | |a Plytvanie je dedičstvom minulosti |c Alexander Sotník |
| 520 | |a Pri prechode na trhové hospodárstvo vykazuje Slovensko pokles v spotrebe energií. Energetická náročnosť vo vybraných vyspelých krajinách. Priority slovenskej vlády v oblasti energetickej politiky. Akčný plán energetickej efektívnosti. | ||
| 610 | 2 | 0 | |a náročnosť výroby energetická |
| 610 | 2 | 0 | |a efektívnosť ekonomická |
| 610 | 2 | 0 | |a hospodárstvo trhové |
| 610 | 2 | 0 | |a energia |
| 610 | 2 | 0 | |a úspory |
| 610 | 2 | 0 | |a Slovensko |
| 610 | 2 | 0 | |a krajiny vyspelé |
| 100 | 1 | |a Sotník, Alexander | |